000 00846nam2a2200205 4500
001 RU\NLR\PER_A\012023239_000210
005 20250702151016.0
035 _a(NLR Aleph) 022568483
090 _a13441493
_c13441493
100 _a20250617d2024 |||y0rusy50 ca
101 0 _arus
102 _aRU
200 0 _a2024, № 2 (15)
210 _d2024
461 0 _1001RU\NLR\BIBL_A\012023239
_12001#$aПраксис$eнаучный журнал Московской духовной академии$v2024, № 2 (15)
_911512381
_cСергиев Посад
_d2019 -
_nИзд-во Московской духовной академии
_oнаучный журнал Московской духовной академии
_tПраксис
_x2658-6517
_v2024, № 2 (15)
852 _aNLR
_jП37/346
942 _cISSUE
980 _aRUSPER
980 _aNB